• COLONNA SONORA [CASSETTE]

di Topical Term

Records bibliografici associati: 22

001 - CONTROL NUMBER

  • control field: 1918

003 - CONTROL NUMBER IDENTIFIER

  • control field: IT-RoPau

005 - DATE AND TIME OF LATEST TRANSACTION

  • control field: 20131113211013.0

008 - FIXED-LENGTH DATA ELEMENTS

  • fixed length control field: 131113|| aca||aabn | a|a d

040 ## - CATALOGING SOURCE

  • Original cataloging agency: IT-RoPau
  • Transcribing agency: IT-RoPau

150 ## - HEADING--TOPICAL TERM

  • Topical term or geographic name entry element: COLONNA SONORA [CASSETTE]
  • : Codice MATERIA SPICS: 9951

670 ## - SOURCE DATA FOUND

  • Source citation: Work cat.: (IT-RoPau)101501: Diamond Neil 1915, Jonathan Livingstone Seagull
CREDITS: SOCIETA' SAN PAOLO Via A.Severo, 58 - ROMA (RM) & PERIODICI SAN PAOLO SRL Via Giotto, 36 MILANO & CISF Via Giotto, 36 MILANO & EDIZIONI SAN PAOLO SRL,  Piazza Soncino, 5 CINISELLO BALSAMO (MI) -- ITALY